| 000 | 01911nam0a2200421 4500 | ||
|---|---|---|---|
| 001 | RU\NLR\BIBL_A\022323107 | ||
| 005 | 20260420014613.0 | ||
| 010 |
_a978-5-6050984-6-1 _93000 |
||
| 021 |
_aRU _bКН-П-24-044842 _9КН-П-24-4462 |
||
| 035 | _a(NLR Aleph) 022323107 | ||
| 090 |
_a13665135 _c13665135 |
||
| 100 | _a20240916d2024 u y0rusy50 ca | ||
| 101 | 1 |
_arus _cpor |
|
| 102 | _aRU | ||
| 105 | _aa z 000zy | ||
| 181 | 0 |
_ab2 _bxb2e |
|
| 181 | 0 |
_ai2 _bxxxe |
|
| 182 | 0 | _an | |
| 200 | 1 |
_aСолнце _aВоздух _fИзабел Миньош Мартинш, Бернарду П. Карвалью _gперевела с португальского Эльза Мелкумова |
|
| 203 |
_aИзображение _aТекст _bвизуальные _cнепосредственные |
||
| 210 |
_aСанкт-Петербург _cПоляндрия Принт, Поляндрия (Дарина Якунина) _d2024 |
||
| 215 |
_a89, [4], 81, [2] с. встреч. паг. _cцв. ил. _d26 |
||
| 300 | _aВ макете: авт.: Изабел Миньош Мартинш, ил.: Бернарду П. Карвалью | ||
| 309 | _aКн. с двойным входом | ||
| 333 | _a0+ | ||
| 606 | 1 |
_aВоздух _jИздания для детей _91047308 _3RU\NLR\AUTH\6686201 |
|
| 606 | 1 |
_aВетры _jИздания для детей _91032423 _3RU\NLR\AUTH\6678456 |
|
| 607 |
_aСолнце _jИздания для детей _91193971 _3RU\NLR\AUTH\66164467 |
||
| 686 | 0 |
_aШ9 _bВ6 |
|
| 686 | 0 |
_aШ9 _bД23 |
|
| 700 | 1 |
_7ca _8rus _aМартинш _bИ. М. _f1974- _gИзабель Миньош _9253347 _3RU\NLR\AUTH\770253403 |
|
| 701 | 1 |
_aКарвалью _bБ. П. _f1973 - _gБернарду П. |
|
| 942 | _cBOOK | ||
| 980 | _aNB | ||